Analogue electronics (Record no. 83919)
[ view plain ]
| 000 -LEADER | |
|---|---|
| fixed length control field | 00689nam a2200169 a 4500 |
| 008 - FIXED-LENGTH DATA ELEMENTS--GENERAL INFORMATION | |
| fixed length control field | 120416s1991 ||||||||||||||||| || u |
| 020 ## - INTERNATIONAL STANDARD BOOK NUMBER | |
| International Standard Book Number | 0340544619 |
| 050 ## - LIBRARY OF CONGRESS CALL NUMBER | |
| Classification number | TK 7887.5 Mor |
| 100 ## - MAIN ENTRY--PERSONAL NAME | |
| Personal name | Morris, John C |
| 245 10 - TITLE STATEMENT | |
| Title | Analogue electronics |
| 260 ## - PUBLICATION, DISTRIBUTION, ETC. | |
| Place of publication, distribution, etc. | London: |
| Name of publisher, distributor, etc. | E. Arnold |
| Date of publication, distribution, etc. | 1991 |
| 300 ## - PHYSICAL DESCRIPTION | |
| Extent | [vi], 162p. : ill |
| 350 ## - | |
| -- | 0.00 |
| 650 ## - SUBJECT ADDED ENTRY--TOPICAL TERM | |
| Topical term or geographic name entry element | ELECTRONIC CIRCUITS |
| 995 ## - | |
| -- | MAIN LIBRARY OPEN ACCESS |
| -- | 0.00 |
| -- | 018080 |
| -- | CBU-MAIN LIBRARY (Kitwe) |
| -- | 1 |
| -- | 14.99 |
| -- | TK 7887.5 Mor |
| -- | AVAILABLE |
| -- | 018080 |
| -- | Main Library Open Access Collection |
| 995 ## - | |
| -- | MAIN LIBRARY OPEN ACCESS |
| -- | 0.00 |
| -- | 727309 |
| -- | CBU-MAIN LIBRARY (Kitwe) |
| -- | 2 |
| -- | 14.99 |
| -- | TK 7887.5 Mor |
| -- | AVAILABLE |
| -- | 018081 |
| -- | Main Library Open Access Collection |
| 999 ## - | |
| -- | 83919 |
| -- | 83919 |
| Withdrawn status | Lost status | Source of classification or shelving scheme | Damaged status | Not for loan | Permanent Location | Current Location | Shelving location | Date acquired | Total Checkouts | Full call number | Barcode | Date last seen | Copy number | Price effective from | Koha item type |
|---|---|---|---|---|---|---|---|---|---|---|---|---|---|---|---|
| CBU-MAIN LIBRARY, KITWE. | CBU-MAIN LIBRARY, KITWE. | 01/08/2024 | TK 7887.5 Mor | 018080 | 01/08/2024 | 1 | 01/08/2024 | MONOGRAPH | |||||||
| CBU-MAIN LIBRARY, KITWE. | CBU-MAIN LIBRARY, KITWE. | 01/08/2024 | TK 7887.5 Mor | 018081 | 01/08/2024 | 2 | 01/08/2024 | MONOGRAPH |